Presidents who served under J Edgar Hoover - Statistics

General Stats
  • This quiz has been taken 30 times
  • The average score is 7 of 8
Answer Stats
Answer % Correct
Franklin D Roosevelt
100%
John F Kennedy
96%
Lyndon B Johnson
96%
Richard Nixon
96%
Harry S Truman
92%
Calvin Coolidge
88%
Dwight D Eisenhower
88%
Herbert Hoover
88%
No matching quizzes found
Score Distribution
Percent of People with Each Score
Percentile by Number Answered
Your Score History
You have not taken this quiz